Social work and legislation in Sweden: survey publ. by order of the Swedish Government

Saved in:  
Bibliographic Details
Format: Print Book
Language:English
Published: Stockholm Norstedt & Söner 1928
In:Year: 1928
Availability in Albert-Krebs Library:VC.00.057
2003-221
Check availability: HBZ Gateway
Subito Delivery Service: Order now.
Keywords:

MARC

LEADER 00000cam a22000002c 4500
001 1122889399
003 DE-627
005 20230404152022.0
007 tu
008 960703s1928 xx ||||| 00| ||eng c
035 |a (DE-627)1122889399 
035 |a (DE-576)052889394 
035 |a (DE-599)BSZ052889394 
035 |a (OCoLC)986767943 
035 |a (OCoLC)986767943 
040 |a DE-627  |b ger  |c DE-627  |e rakwb 
041 |a eng 
084 |a 2,1  |2 ssgn 
084 |a DI 1009  |2 rvk  |0 (DE-625)rvk/19574:770 
245 0 0 |a Social work and legislation in Sweden  |b survey publ. by order of the Swedish Government  |c The Royal Social Board 
264 1 |a Stockholm  |b Norstedt & Söner  |c 1928 
300 |a VI, 289 S.  |c 8° 
336 |a Text  |b txt  |2 rdacontent 
337 |a ohne Hilfsmittel zu benutzen  |b n  |2 rdamedia 
338 |a Band  |b nc  |2 rdacarrier 
583 1 |a Archivierung prüfen  |c 20200919  |f DE-640  |z 1  |2 pdager 
650 4 |a Fürsorge  |7 (dpeaa)DE-2619 
650 4 |a Arbeitnehmer  |x Interessenvertretung  |7 (dpeaa)DE-2619 
650 4 |a Sozialversicherung  |7 (dpeaa)DE-2619 
651 7 |0 (DE-588)4077258-5  |0 (DE-627)106080733  |0 (DE-576)209204486  |a Schweden  |2 gnd  |7 (dpeaa)DE-2619 
689 0 0 |d s  |0 (DE-588)4048737-4  |0 (DE-627)106189719  |0 (DE-576)20907907X  |a Recht  |2 gnd 
689 0 |5 (DE-627) 
935 |a mkri 
936 r v |a DI 1009  |b Sonstige  |k Pädagogik  |k Bildungspolitik, Kulturpolitik  |k Bildungs- und Kulturpolitik, Allgemeines  |k Sonstige  |0 (DE-627)1271712458  |0 (DE-625)rvk/19574:770  |0 (DE-576)201712458 
951 |a BO 
ELC |b 1 
LOK |0 000 xxxxxcx a22 zn 4500 
LOK |0 001 4196221017 
LOK |0 003 DE-627 
LOK |0 004 1122889399 
LOK |0 005 20221011145744 
LOK |0 008 221011||||||||||||||||ger||||||| 
LOK |0 035   |a (DE-2619)k03254 
LOK |0 040   |a DE-2619  |c DE-627  |d DE-2619 
LOK |0 092   |o n 
LOK |0 541   |e Bestand Albert-Krebs-Bibliothek: 2003-221 
LOK |0 852   |a DE-2619 
LOK |0 852 1  |c VC.00.057  |m p  |9 00 
LOK |0 935   |a kreb 
LOK |0 938   |k p 
LOK |0 939   |a 11-10-22  |b l01 
ORI |a SA-MARC-krimdoka001.raw